• AIU
  • Tony Wilmot Memorial Library

Putting away childish things / (Record no. 24314)

MARC details
000 -LEADER
fixed length control field 00802nam a22002411a 4500
001 - CONTROL NUMBER
control field 4225397
005 - DATE AND TIME OF LATEST TRANSACTION
control field 20110718125127.0
008 - FIXED-LENGTH DATA ELEMENTS--GENERAL INFORMATION
fixed length control field 820428s1982 ilu 000 0 eng
010 ## - LIBRARY OF CONGRESS CONTROL NUMBER
LC control number 82060253
-- 82060253
020 ## - INTERNATIONAL STANDARD BOOK NUMBER
International Standard Book Number 0882073087
035 ## - SYSTEM CONTROL NUMBER
-- (DLC) 82060253
040 ## - CATALOGING SOURCE
Original cataloging agency DLC
Transcribing agency DLC
Modifying agency DLC
050 00 - LIBRARY OF CONGRESS CALL NUMBER
Classification number BV4501.2
Item number .S36 1982
082 00 - DEWEY DECIMAL CLASSIFICATION NUMBER
Classification number BV 4501.2.S36 1982
Edition number 19
100 1# - MAIN ENTRY--PERSONAL NAME
Personal name Seamands David A.
245 10 - TITLE STATEMENT
Title Putting away childish things /
Statement of responsibility, etc David A. Seamands.
260 ## - PUBLICATION, DISTRIBUTION, ETC. (IMPRINT)
Place of publication, distribution, etc Wheaton, Ill. :
Name of publisher, distributor, etc Victor Books,
Date of publication, distribution, etc c1982.
300 ## - PHYSICAL DESCRIPTION
Extent 144 p. ; 21 cm.
650 #0 - SUBJECT ADDED ENTRY--TOPICAL TERM
Topical term or geographic name as entry element Christian life
General subdivision Methodist authors.
650 #0 - SUBJECT ADDED ENTRY--TOPICAL TERM
Topical term or geographic name as entry element Maturation (Psychology)
General subdivision Religious aspects
-- Christianity.
906 ## - LOCAL DATA ELEMENT F, LDF (RLIN)
a 7
b cbc
c orignew
d 3
e opcn
f 19
g y-gencatlg
991 ## -
-- c-GenColl
-- BV4501.2
-- .S36 1982
-- 00022599148
-- Copy 1
-- BOOKS
Holdings
Withdrawn status Lost status Source of classification or shelving scheme Damaged status Not for loan Collection code Home library Current library Shelving location Date acquired Cost, normal purchase price Total Checkouts Full call number Barcode Date last seen Copy number Price effective from Koha item type
    Library of Congress Classification     General Circulation AIU/NEGST - Tony Wilmot Memorial Library AIU/NEGST - Tony Wilmot Memorial Library General Stacks 11/04/2009 14.54   BV 4501.2.S36 1982 R149563232 07/09/2014 1 11/04/2009 Books